Athletic massage

Bibliographic Details
Main Author: Phaigh, Rich
Other Authors: Perry, Paul
Format: Book
Language:English
Published: New York : A Fireside Book , c1984
Subjects:

MARC

LEADER 00000cam a2200000 7i4500
001 0000000432
005 20230601.0
008 230601 nyu eng
020 |a 0671603035 (pbk) 
040 |a INS 
090 0 0 |a RC1226   |b .P48 1984 
100 1 |a Phaigh, Rich 
245 1 0 |a Athletic massage   |c Rich Phaigh and Paul Perry 
260 |a New York :   |b A Fireside Book ,   |c c1984 
300 |a 175 p. :   |b ill. ;   |c 26 cm. 
650 0 |a Massage 
650 0 |a Sports   |x Physiological aspects 
700 1 |a Perry, Paul 
999 |a 0000003152   |b BOOK   |c Open Shelf   |e Default branch